Central Library OPAC University of Rajshahi

Proceedings of the Fourth International Conference on Input-Output Techniques, Geneva, 8-12 January 1968 : (Record no. 45522)

MARC details
000 -LEADER
fixed length control field 01423nam a2200337 a 4500
001 - CONTROL NUMBER
control field 45522
003 - CONTROL NUMBER IDENTIFIER
rucl marc code BD-RjUL
005 - DATE AND TIME OF LATEST TRANSACTION
control field 20211209054028.0
008 - FIXED-LENGTH DATA ELEMENTS--GENERAL INFORMATION
fixed length control field 160725s1970 ne ae bs 110 0 eng
020 ## - INTERNATIONAL STANDARD BOOK NUMBER
International Standard Book Number 0720430402
International Standard Book Number 044410044X
035 ## - SYSTEM CONTROL NUMBER
System control number (BD-RjUL)45640
System control number 1004039
040 ## - CATALOGING SOURCE
Original cataloging agency LC
Language of cataloging eng
Transcribing agency LC
Modifying agency AIAC
-- BD-RjUL
041 ## - LANGUAGE CODE
Language code of text/sound track or separate title eng
082 04 - DEWEY DECIMAL CLASSIFICATION NUMBER
Classification number 339.23
Edition number 23
Author mark and year PRO 1978
111 2# - MAIN ENTRY--MEETING NAME
Meeting name or jurisdiction name as entry element International Conference on Input-Output Techniques,
Number [OBSOLETE] 4th,
Location of meeting Geneva,
Date of meeting 1968.
9 (RLIN) 139360
245 10 - TITLE STATEMENT
Title Proceedings of the Fourth International Conference on Input-Output Techniques, Geneva, 8-12 January 1968 :
Remainder of title Published in honor of Wassily Leontief /
Statement of responsibility, etc. Edited by A. P. Carter and A. Brody.
260 ## - PUBLICATION, DISTRIBUTION, ETC. (IMPRINT)
Place of publication, distribution, etc. Amsterdam :
Name of publisher, distributor, etc. North-Holland Pub. Co.,
Date of publication, distribution, etc. c1970.
300 ## - PHYSICAL DESCRIPTION
Pagination Vol. :
Illustrations ill. ;
Size 24 cm.
500 ## - GENERAL NOTE
General note Conference sponsored by United Nations and the Harvard Economic Research Project under a grant from the Ford Foundation.
504 ## - BIBLIOGRAPHY, ETC. NOTE
Bibliography, etc Includes bibliographies.
505 0# - FORMATTED CONTENTS NOTE
Formatted contents note v. 1. Contributions to input-output analysis.--v. 2. Applications of input-output analysis.
650 #0 - SUBJECT ADDED ENTRY--TOPICAL TERM
Topical term or geographic name as entry element Input-output analysis
General subdivision Congresses.
9 (RLIN) 139333
700 1# - ADDED ENTRY--PERSONAL NAME
Personal name Brody, Andras,
Relator term ed.
Personal name Leontief, Wassily,
Dates associated with a name 1906-
Personal name Carter, Anne P.,
Dates associated with a name 1925-,
Relator term ed.
710 2# - ADDED ENTRY--CORPORATE NAME
Corporate name or jurisdiction name as entry element United Nations.
9 (RLIN) 139363
Corporate name or jurisdiction name as entry element Harvard University.
Subordinate unit Harvard Economic Research Project.
9 (RLIN) 139334
942 ## - ADDED ENTRY ELEMENTS (KOHA)
Source of classification or shelving scheme Dewey Decimal Classification
Koha item type Books
Holdings
Lost status Source of classification or shelving scheme Damaged status Not for loan Collection code Permanent Location Current Location Shelving location Date acquired Source of acquisition Total Checkouts Full call number Date last seen Copy number Koha item type
  Dewey Decimal Classification     Non-fiction Central Library, University of Rajshahi Central Library, University of Rajshahi   02/10/1980 Netherland   339.23 PRO 1978 26/07/2016 C-2 Books
  Dewey Decimal Classification     Non-fiction Central Library, University of Rajshahi Central Library, University of Rajshahi   02/10/1980 Netherland   339.23 PRO 1978 26/07/2016 C-3 Books